How to complete your research project successfully : (Record no. 61676)

MARC details
000 -LEADER
fixed length control field 00700nam a22001697a 4500
005 - DATE AND TIME OF LATEST TRANSACTION
control field 20120130131953.0
008 - FIXED-LENGTH DATA ELEMENTS--GENERAL INFORMATION
fixed length control field 120130t xxu||||| |||| 00| 0 eng d
020 ## - INTERNATIONAL STANDARD BOOK NUMBER
International Standard Book Number 8185944032
Terms of availability 00.00
035 ## - SYSTEM CONTROL NUMBER
System control number A-705780
040 ## - CATALOGING SOURCE
Original cataloging agency DPL
Language of cataloging ENG
100 ## - MAIN ENTRY--PERSONAL NAME
Personal name Bell, Judith
9 (RLIN) 40384
245 ## - TITLE STATEMENT
Title How to complete your research project successfully :
Remainder of title A guide for first-time researchers /
Statement of responsibility, etc by Judith Bell
260 ## - PUBLICATION, DISTRIBUTION, ETC. (IMPRINT)
Place of publication, distribution, etc New Delhi
Name of publisher, distributor, etc UBS Publishers Distributors Ltd.
Date of publication, distribution, etc 1993
300 ## - PHYSICAL DESCRIPTION
Extent 139p.
Dimensions 18 cms.
942 ## - ADDED ENTRY ELEMENTS (KOHA)
Source of classification or shelving scheme Dewey Decimal Classification
Item type English Books
Classification part 001.42
Call number suffix BEL
Holdings
Withdrawn status Lost status Source of classification or shelving scheme Damaged status Not for loan Collection code Home library Current library Date acquired Cost, normal purchase price Total Checkouts Full call number Barcode Date last seen Cost, replacement price Koha item type
    Dewey Decimal Classification     Non-fiction Sarojini Nagar Sarojini Nagar 30/01/2012 0.00   001.42 BEL A-705780 30/01/2012 0.00 English Books

© Delhi Public Library
Hit Counter
free hit counter